MARC details
| 000 -LEADER |
| fixed length control field |
01355cam a2200337 a 4500 |
| 001 - CONTROL NUMBER |
| control field |
4409064 |
| 003 - CONTROL NUMBER IDENTIFIER |
| control field |
OSt |
| 005 - DATE AND TIME OF LATEST TRANSACTION |
| control field |
20230622122843.0 |
| 008 - FIXED-LENGTH DATA ELEMENTS--GENERAL INFORMATION |
| fixed length control field |
921125s1992 dcua f001 0 eng |
| 010 ## - LIBRARY OF CONGRESS CONTROL NUMBER |
| LC control number |
92243093 |
| 040 ## - CATALOGING SOURCE |
| Original cataloging agency |
DLC |
| Transcribing agency |
DLC |
| Modifying agency |
DLC |
| 043 ## - GEOGRAPHIC AREA CODE |
| Geographic area code |
n-us--- |
| 050 00 - LIBRARY OF CONGRESS CALL NUMBER |
| Classification number |
KF4982 |
| Item number |
.R5 1992 |
| 082 00 - DEWEY DECIMAL CLASSIFICATION NUMBER |
| Classification number |
328.73/05 |
| Edition number |
20 |
| Item number |
RID |
| 110 1# - MAIN ENTRY--CORPORATE NAME |
| Corporate name or jurisdiction name as entry element |
United States. |
| Subordinate unit |
Congress. |
| -- |
Senate. |
| 245 10 - TITLE STATEMENT |
| Title |
Riddick's Senate procedure : |
| Remainder of title |
precedents and practices / |
| Statement of responsibility, etc. |
by Floyd M. Riddick and Alan S. Frumin ; with a foreword by Robert C. Byrd ; revised and edited by Alan S. Frumin. |
| 260 ## - PUBLICATION, DISTRIBUTION, ETC. (IMPRINT) |
| Place of publication, distribution, etc. |
Washington : |
| Name of publisher, distributor, etc. |
U.S. G.P.O., |
| Date of publication, distribution, etc. |
1992. |
| 300 ## - PHYSICAL DESCRIPTION |
| Extent |
xxiv, 1608 p. : |
| Other physical details |
ill. ; |
| Dimensions |
23 cm. |
| 490 1# - SERIES STATEMENT |
| Series statement |
Senate document ; |
| Volume/sequential designation |
no. 101-28 |
| 500 ## - GENERAL NOTE |
| General note |
Rev. ed. of: Senate procedure. 1974. |
| 504 ## - BIBLIOGRAPHY, ETC. NOTE |
| Bibliography, etc |
Includes bibliographical references and index. |
| 610 10 - SUBJECT ADDED ENTRY--CORPORATE NAME |
| Corporate name or jurisdiction name as entry element |
United States. |
| Subordinate unit |
Congress. |
| -- |
Senate |
| General subdivision |
Rules and practice. |
| 700 1# - ADDED ENTRY--PERSONAL NAME |
| Personal name |
Riddick, Floyd M. |
| Fuller form of name |
(Floyd Millard), |
| Dates associated with a name |
1908-2000. |
| 700 1# - ADDED ENTRY--PERSONAL NAME |
| Personal name |
Frumin, Alan S., |
| Dates associated with a name |
1946- |
| 710 1# - ADDED ENTRY--CORPORATE NAME |
| Corporate name or jurisdiction name as entry element |
United States. |
| Subordinate unit |
Congress. |
| -- |
Senate. |
| Title of a work |
Senate procedure. |
| 740 0# - ADDED ENTRY--UNCONTROLLED RELATED/ANALYTICAL TITLE |
| Uncontrolled related/analytical title |
Senate procedure. |
| 830 #0 - SERIES ADDED ENTRY--UNIFORM TITLE |
| Uniform title |
Senate document (United States. Congress. Senate) ; |
| Volume number/sequential designation |
101-28. |
| 906 ## - LOCAL DATA ELEMENT F, LDF (RLIN) |
| a |
7 |
| b |
cbc |
| c |
orignew |
| d |
2 |
| e |
ncip |
| f |
19 |
| g |
y-gencatlg |
| 942 ## - ADDED ENTRY ELEMENTS (KOHA) |
| Source of classification or shelving scheme |
Dewey Decimal Classification |
| Koha item type |
Books |